Statistics for Among Us Quiz

Click here to take the quiz!

General Stats

  • This quiz has been taken 24 times
  • The average score is 7 of 10

Answer Stats

QuestionAnswer% Correct
What room in The Skeld has the swipe card task?Admin
100%
Who is always sus?Red
95%
What company made Among Us?InnerSloth
91%
What is the first map?The Skeld
86%
What task is also known as Simon Says?Start Reactor
82%
Who made Among Us?PuffballsUnited
50%
This one's really hard but the last one is the hardest. How did Innersloth get its name?A random name generator
45%
All of these are mainly Among Us youtubers except:DanTDM
41%
And finally, how did they turn this into real life?Turn off the lights and oof people
41%
How much did Among Us make in the first week?35 bucks
23%

Score Distribution

Percentile by Number Answered

Percent of People with Each Score

Your Score History

You have not taken this quiz